Loading...
| Literature - World/Other Literature | 0 | 7 | 0 | 0 | 70 | 43 | 79.71 | 3 | 6 |
| Literature - British Literature | 0 | 7 | 0 | 0 | 70 | 58 | 79.29 | 4 | 5 |
| Literature - European Literature | 0 | 7 | 0 | 1 | 70 | 40 | 59.14 | 5 | 6 |
| Philosophy | 0 | 6 | 0 | 0 | 60 | 58 | 82.67 | 3 | 4 |
| Geography/Current Events | 0 | 2 | 0 | 0 | 20 | 68 | 71.50 | 0 | 1 |
| Science - Physics | 0 | 2 | 0 | 0 | 20 | 37 | 41.00 | 1 | 2 |
| Literature - American Literature | 0 | 4 | 4 | 0 | 20 | 34 | 60.75 | 1 | 3 |
| Social Science | 0 | 1 | 0 | 0 | 10 | 74 | 74.00 | 0 | 1 |
| Fine Arts - Other Fine Arts | 0 | 1 | 0 | 0 | 10 | 124 | 124.00 | 0 | 0 |
| Fine Arts - Visual Fine Arts | 0 | 1 | 0 | 0 | 10 | 46 | 46.00 | 1 | 1 |
| Science - Biology | 0 | 1 | 0 | 0 | 10 | 51 | 51.00 | 1 | 1 |
| Science - Chemistry | 0 | 1 | 0 | 0 | 10 | 91 | 91.00 | 1 | 1 |
| Science - Other Science | 0 | 1 | 0 | 0 | 10 | 59 | 59.00 | 0 | 1 |
| Religion | 0 | 1 | 0 | 1 | 10 | 128 | 128.00 | 0 | 0 |
| History - World History | 0 | 1 | 1 | 0 | 5 | 49 | 49.00 | 0 | 1 |
| Mythology | 0 | 0 | 1 | 0 | -5 | 0.00 | 0 | 0 | |
| Fine Arts - Classical Music | 0 | 0 | 1 | 0 | -5 | 0.00 | 0 | 0 |